=LDR 00000nam 2200000 4500 =001 INLIS000000000027715 =005 20130612130053 =008 ***********************************Ind** =035 ##$$0010-061300000027715 =041 ##$$a Ind =082 ##$$a 574.9 =090 ##$$a 574.9, Ipa i =245 ##$$a IPA biologi untuk SMP kelas ix, oleh Istaman Syamsuri...[et.al] =260 ##$$a 2007 $b jakarta =300 ##$$a vii, 160 hlm, ilus, 28 cm =650 ##$$a Sains-Studi dan pengajaran =700 ##$$a Syamsuri, Istamar =850 ##$$a NBPNMAT